Normale Ansicht MARC-Ansicht ISBD

Männlichkeitskonstruktionen im Nationalsozialismus : (Titelsatznr. 25208)

[ MARC ]
MARC-Details
000 -Satzkennung
Kontrollfeld mit fester Länge 00839nam a22002411c 4500
001 - Kontrollnummer
Kontrollfeld ht017556363
008 - Feld mit fester Länge zur physischen Beschreibung - Allgemeine Angaben
Kontrollfeld mit fester Länge 130722s2013 gw |||| 000u ger d
020 ## - Internationale Standardbuchnummer
Internationale Standardbuchnummer 9783631617601
Verknüpfung 978-3-6316-1760-1
041 ## - Sprachcode
Sprachcode des Textes/der Tonspur oder des separaten Titels ger
040 ## - Katalogisierungsquelle
Übertragungsstelle RU-10907106
003 - Kontrollnummer Identifier
Kontrollfeld RU-10907106
245 00 - Titel
Titel Männlichkeitskonstruktionen im Nationalsozialismus :
Zusatz zum Titel Formen, Funktionen und Wirkungsmacht von Geschlechterkonstruktionen im Nationalsozialismus und ihre Reflexion in der pädagogischen Praxis
264 ## - Produktion, Veröffentlichung, Distribution, Herstellung und Urheberrechtsvermerk
Herstellungs-, Veröffentlichungs- Vertriebs-, Erzeugungsort Frankfurt am Main [u.a.] :
Produzent, Herausgeber, Distributor, Hersteller Lang,
Datum der Herstellung, der Veröffentlichung, des Vertriebs oder des Urheberschutzvermerks 2013
300 ## - Physische Beschreibung
Umfang 290 S.
490 #0 - Gesamttitelangabe
Gesamttitelangabe Zivilisationen & Geschichte
Bandnummer/Folgebezeichnung 18
650 #0 - Nebeneintragung unter einem Schlagwort - Sachschlagwort
Sachschlagwort oder geografischer Name als Eintragungselement Nationalsozialismus
650 #0 - Nebeneintragung unter einem Schlagwort - Sachschlagwort
Sachschlagwort oder geografischer Name als Eintragungselement Männlichkeit
650 #0 - Nebeneintragung unter einem Schlagwort - Sachschlagwort
Sachschlagwort oder geografischer Name als Eintragungselement Soziale Konstruktion
655 #0 - Indexierungsterm - Genre/Form
Genre/Form oder fokussierter Term Aufsatzsammlung
700 1# - Nebeneintragung - Personenname
Personenname Dietrich, Anette
Funktionsbezeichnung HerausgeberIn
700 1# - Nebeneintragung - Personenname
Personenname Heise, Ljiljana
Funktionsbezeichnung HerausgeberIn
942 ## - Zusätzliche Felder (Koha)
Koha-Medientyp Monographien
Exemplare
Ausgeschieden Verloren Klassifikation oder Aufstellungssystematik Beschädigt Nicht entleihbar Heimatbibliothek Aufenthaltsbibliothek Aufstellungsort Erwerbungsdatum Inventarnummer Signatur Barcode Letzte Aktivität Preis gültig von Koha-Medientyp
    Andere/Generische Klassifikation     MWN Osteuropa MWN Osteuropa Lesesaal - 1 22/07/2013 14-00188 D 52 k Die 2 E0040150790B0A4C 23/02/2021 22/03/2021 Monographien